000 00482cam a2200181ua 4500
001 2519
008 110912n ii |||gr||||Z||||||asm
040 _cMAIN
082 _a491.451
100 _aBaruah, Birinchi Kumar,
_eAuthor.
245 1 _aAsomiya bhasa aru sanskriti
_cby Birinchi Kumar baruah
250 _a1st.
260 _aGuahati:
_bLawyers book stall,963.
300 _a187p:
_c23cm.
653 _aAssamese language
653 _aAsomiya bhasa aru sanskriti
942 _cBK
999 _c2372
_d2372